WATER QUALITY ASSESSMENT AND TREATMENT / (Record no. 594370)

000 -LEADER
fixed length control field 00337nam a22001337a 4500
020 ## - INTERNATIONAL STANDARD BOOK NUMBER
Qualifying information HB.
040 ## - CATALOGING SOURCE
Transcribing agency FIZZA ISHAQ
082 ## - DEWEY DECIMAL CLASSIFICATION NUMBER
Classification number 628.16
Author Mark RAV
100 ## - MAIN ENTRY--PERSONAL NAME
Personal name SPOON,RAVEN.
9 (RLIN) 111534
245 ## - TITLE STATEMENT
Title WATER QUALITY ASSESSMENT AND TREATMENT /
Statement of responsibility, etc. RAVEN SPOON.
260 ## - PUBLICATION, DISTRIBUTION, ETC.
Place of publication, distribution, etc. STATES ACADEMIC PRESS ;
Date of publication, distribution, etc. 2021.
300 ## - PHYSICAL DESCRIPTION
Extent 249 P. ;
942 ## - ADDED ENTRY ELEMENTS (KOHA)
Source of classification or shelving scheme
Koha item type Book
Holdings
Withdrawn status Lost status Source of classification or shelving scheme Damaged status Not for loan Permanent Location Current Location Date acquired Total Checkouts Full call number Barcode Date last seen Price effective from Koha item type
          NUST Baluchistan Campus (NBC) NUST Baluchistan Campus (NBC) 03/29/2023   628.16 RAV Q-6272 03/29/2023 03/29/2023 Book
© 2023 Central Library, National University of Sciences and Technology. All Rights Reserved.